Linear integrated circuits/ (Record no. 8410)

MARC details
000 -LEADER
fixed length control field 00557 a2200181 4500
010 ## - LCCN (DPL NO)
LC control number ENG-88460
020 ## - INTERNATIONAL STANDARD BOOK NUMBER
International Standard Book Number 00700648182
Terms of availability 210.00
035 ## - SYSTEM CONTROL NUMBER
System control number EN-71993
037 ## - SOURCE OF ACQUISITION
Source of stock number/acquisition DBAD / PUB
082 00 - DEWEY DECIMAL CLASSIFICATION NUMBER
Classification number 621.3815
100 1# - MAIN ENTRY--PERSONAL NAME
Personal name Salivahanan, S.
245 10 - TITLE STATEMENT
Title Linear integrated circuits/
Statement of responsibility, etc by S.Salivahanan [and] V.S.Kanchana Bhaaskaran
260 ## - PUBLICATION, DISTRIBUTION, ETC. (IMPRINT)
Place of publication, distribution, etc New Delhi
Name of publisher, distributor, etc Tata McGraw-Hill Publishing
Date of publication, distribution, etc 2008
300 ## - PHYSICAL DESCRIPTION
Extent xx, 661 p.
Dimensions 23cm (pbk )
500 ## - GENERAL NOTE
General note Includes Index
700 1# - ADDED ENTRY--PERSONAL NAME
Personal name Kanchana Bhaaskaran, V. S.
942 ## - ADDED ENTRY ELEMENTS (KOHA)
Institution code [OBSOLETE] dpl
Item type English Books
Source of classification or shelving scheme Dewey Decimal Classification
Classification part 621.3815
Call number suffix SAL
Holdings
Withdrawn status Lost status Not for loan Collection code Home library Current library Source of acquisition Cost, normal purchase price Full call number Barcode Copy number Cost, replacement price Koha item type
    Not For Loan Non-fiction D.B.Act.Division D.B.Act.Division DBAD/PUB 210.00 621.3815 SAL EN-71993 1 210.00 English Books

© Delhi Public Library
Hit Counter
free hit counter